Nīti pil̲aittatu. (Record no. 76483)
[ view plain ]
| 000 -LEADER | |
|---|---|
| fixed length control field | 00542cam a22002291 4500 |
| 001 - CONTROL NUMBER | |
| control field | sa 67007279 |
| 003 - CONTROL NUMBER IDENTIFIER | |
| control field | DLC |
| 005 - DATE AND TIME OF LATEST TRANSACTION | |
| control field | 20260227112414.0 |
| 008 - FIXED-LENGTH DATA ELEMENTS--GENERAL INFORMATION | |
| fixed length control field | 950217s1963 ii 000 0 tamo |
| 010 ## - LIBRARY OF CONGRESS CONTROL NUMBER | |
| LC control number | sa 67007279 |
| 025 ## - OVERSEAS ACQUISITION NUMBER | |
| Overseas acquisition number | PL480:I-T-1646 |
| 035 ## - SYSTEM CONTROL NUMBER | |
| System control number | (OCoLC)32009692 |
| 040 ## - CATALOGING SOURCE | |
| Original cataloging agency | DLC |
| Transcribing agency | CU |
| Modifying agency | CU |
| -- | DLC |
| 042 ## - AUTHENTICATION CODE | |
| Authentication code | premarc |
| 050 00 - LIBRARY OF CONGRESS CALL NUMBER | |
| Classification number | PL4758.9.V29 |
| Item number | N5 |
| 100 0# - MAIN ENTRY--PERSONAL NAME | |
| Personal name | Vācavan̲, |
| Dates associated with a name | 1927- |
| 245 10 - TITLE STATEMENT | |
| Title | Nīti pil̲aittatu. |
| 260 ## - PUBLICATION, DISTRIBUTION, ETC. | |
| Date of publication, distribution, etc. | [1963] |
| 300 ## - PHYSICAL DESCRIPTION | |
| Extent | 168 p. |
| Dimensions | 18 cm. |
| 500 ## - GENERAL NOTE | |
| General note | In Tamil. |
| 740 0# - ADDED ENTRY--UNCONTROLLED RELATED/ANALYTICAL TITLE | |
| Uncontrolled related/analytical title | Kātal vilās. |
No items available.